| Tag |
First Indicator |
Second Indicator |
Subfields |
| LEADER |
00000cam a2200000 4500 |
| 001 |
in00000031834 |
| 005 |
20151007063131.0 |
| 008 |
770913s1904 enka 00000bengm |
| 010 |
|
|
|a 05002002
|
| 035 |
|
|
|a (OCoLC)03259819
|
| 035 |
|
|
|9 AAD6644AM
|
| 040 |
|
|
|a DLC
|c RIU
|d TXA
|d UtOrBLW
|
| 049 |
|
|
|a TXAM
|c [273586]
|
| 092 |
|
|
|a 820.1
|b D491Yw
|
| 100 |
1 |
|
|a Ward, Wilfrid,
|d 1856-1916.
|
| 245 |
1 |
0 |
|a Aubrey De Vere ;
|b a memoir, based on his unpublished diaries and correspondence /
|c With two photogravure portraits and other illustrations.
|
| 264 |
|
1 |
|a London,
|a New York :
|b Longmans, Green,
|c 1904.
|
| 300 |
|
|
|a x, 428 pages :
|b illustrations
|
| 336 |
|
|
|a text
|b txt
|2 rdacontent
|
| 337 |
|
|
|a unmediated
|b n
|2 rdamedia
|
| 338 |
|
|
|a volume
|b nc
|2 rdacarrier
|
| 600 |
1 |
0 |
|a De Vere, Aubrey,
|d 1814-1902.
|
| 999 |
|
|
|a MARS
|
| 999 |
f |
f |
|s a3eb74f8-65ca-3782-8b82-a6b4aeb1e78f
|i 5f55f29b-8598-3030-9f2f-170cbd202f7a
|t 0
|
| 952 |
f |
f |
|a Texas A&M University
|b College Station
|c Sterling C. Evans Library
|d Evans: Library Stacks
|t 0
|e 820.1 D491Yw
|h Dewey Decimal classification
|
| 998 |
f |
f |
|a 820.1 D491Yw
|t 0
|l Evans: Library Stacks
|